000
00343nam a2200145Ia 4500
005
20250402065232.0
008
240331s9999 xx 000 0 und d
082
_b
RAH
_a
823
100
_a
Rahubaddhe,S
245
0
_a
Agapipimal
260
_a
Homagama
_b
Sumithra Rahubaddhe
_c
1998
300
_a
236 p .,
500
_a
A Sinhala Novel
942
_c
L
999
_c
4546
_d
4546